000 00699nam a2200205 i 4500
001 78345
003 ES-MaACL
005 20230906173650.0
007 t|
008 041013s1962 sp ||||1| spa d
245 0 0 _aHaga y repare usted mismo sus tapicerías y cortinajes /
_cobra realizada con la colaboración de Robert Cinqpeyres ; traducción de Gregorio Sanz García.
260 _aMadrid :
_bEspasa-Calpe,
_c1962.
300 _a64 p. :
_bil. ;
_c18 cm.
490 1 _aHágalo usted mismo
700 1 _aCinqpeyres, Robert.
_938853
700 1 _aSanz García, Gregorio.
_9103642
830 0 _aHágalo usted mismo
_9231392
852 _aES-MaACL
_jC-22107
_bR.50699
999 _c78345
_d78345